Luật đất đai và hướng dẫn thi hành luật đất đai, pháp lệnh nhà ở, pháp lệnh thuế nhà đất
Gardado en:
| Formato: | Libro |
|---|---|
| Idioma: | Undetermined |
| Publicado: |
Tp. HCM
Pháp Lý
1991
|
| Những chủ đề: | |
| Các nhãn: |
Engadir etiqueta
Sen Etiquetas, Sexa o primeiro en etiquetar este rexistro!
|
| Thư viện lưu trữ: | Trung tâm Học liệu Trường Đại học Cần Thơ |
|---|
| LEADER | 00604nam a2200157Ia 4500 | ||
|---|---|---|---|
| 001 | CTU_25979 | ||
| 008 | 210402s9999 xx 000 0 und d | ||
| 082 | |a 346.043 | ||
| 082 | |b L503 | ||
| 245 | 0 | |a Luật đất đai và hướng dẫn thi hành luật đất đai, pháp lệnh nhà ở, pháp lệnh thuế nhà đất | |
| 260 | |a Tp. HCM | ||
| 260 | |b Pháp Lý | ||
| 260 | |c 1991 | ||
| 650 | |a civil rights,housing - law and legislation,land tenure - law and legislation,private law | ||
| 904 | |i Minh, 981003 | ||
| 980 | |a Trung tâm Học liệu Trường Đại học Cần Thơ | ||